The Ao Nagas /

Guardat en:
Dades bibliogràfiques
Autor principal: Mills, J. P. (James Philip), 1890-1960
Altres autors: Hutton, J. H. (John Henry), 1885-1968
Format: Llibre
Idioma:English
Publicat: London : Macmillan, 1926.
Matèries:
LEADER 00995nam a2200229 i 4500
001 c000251203
003 CARM
005 00000000000000.0
008 840313s1926 enk 0 eng d
019 1 |a 3276532  |z 9704693  |z 27909873  |5 LACONCORD2021 
035 |a (OCoLC)1807815  |5 LACONCORD2021 
082 0 4 |a 390.00954162 
100 1 |a Mills, J. P.  |q (James Philip),  |d 1890-1960. 
245 1 4 |a The Ao Nagas /  |c With a foreword by Henry Balfour ... and supplementary notes and bibliography by J.H. Hutton ... ; Published by direction of the government of Assam. 
260 |a London :  |b Macmillan,  |c 1926. 
300 |a 500 p. :  |b illus. 
500 |a Bibliography: p.429-439. 
650 0 |a Naga (South Asian people) 
700 1 |a Hutton, J. H.  |q (John Henry),  |d 1885-1968. 
852 8 |b CARM  |h A1:AQ01B0  |i B07172  |p 0370229  |f BK 
999 f f |i 80081b7d-3280-5cc5-9b2e-5cd266cb636a  |s 759ccf64-1ca1-5555-89d6-bec8e0ac35e0 
952 f f |p Can circulate  |a CAVAL  |b CAVAL  |c CAVAL  |d CARM 1 Store  |e B07172  |f A1:AQ01B0  |h Other scheme  |i book  |m 0370229